<?xml version="1.0" encoding="UTF-8"?>
<record
    xmlns:xsi="http://www.w3.org/2001/XMLSchema-instance"
    xsi:schemaLocation="http://www.loc.gov/MARC21/slim http://www.loc.gov/standards/marcxml/schema/MARC21slim.xsd"
    xmlns="http://www.loc.gov/MARC21/slim">

  <leader>00519nam a22001577a 4500</leader>
  <controlfield tag="003">OSt</controlfield>
  <controlfield tag="005">20240405151057.0</controlfield>
  <controlfield tag="008">240405b        |||||||| |||| 00| 0 eng d</controlfield>
  <datafield tag="040" ind1=" " ind2=" ">
    <subfield code="c">Central Library MRSPTU</subfield>
  </datafield>
  <datafield tag="100" ind1=" " ind2=" ">
    <subfield code="a">Preetam Saini (&#xA2A;&#xA4D;&#xA30;&#xA40;&#xA24;&#xA2E; &#xA38;&#xA48;&#xA28;&#xA40; )</subfield>
  </datafield>
  <datafield tag="245" ind1=" " ind2=" ">
    <subfield code="a">Sanatan Punjabi Kav (&#xA38;&#xA28;&#xA3E;&#xA24;&#xA28; &#xA2A;&#xA70;&#xA1C;&#xA3E;&#xA2C;&#xA40; &#xA15;&#xA3E;&#xA35;&#xA3F;)</subfield>
    <subfield code="b">A Collection of Medieval Punjabi Poetry </subfield>
  </datafield>
  <datafield tag="250" ind1=" " ind2=" ">
    <subfield code="a">1st</subfield>
  </datafield>
  <datafield tag="260" ind1=" " ind2=" ">
    <subfield code="a">Patiala</subfield>
    <subfield code="b">Publication Bureau Punjabi University</subfield>
    <subfield code="c">1982</subfield>
  </datafield>
  <datafield tag="300" ind1=" " ind2=" ">
    <subfield code="a">204</subfield>
  </datafield>
  <datafield tag="942" ind1=" " ind2=" ">
    <subfield code="2">ddc</subfield>
    <subfield code="c">BK</subfield>
    <subfield code="n">0</subfield>
  </datafield>
  <datafield tag="952" ind1=" " ind2=" ">
    <subfield code="0">0</subfield>
    <subfield code="1">0</subfield>
    <subfield code="2">ddc</subfield>
    <subfield code="4">0</subfield>
    <subfield code="7">0</subfield>
    <subfield code="8">BK</subfield>
    <subfield code="a">MCL</subfield>
    <subfield code="b">MCL</subfield>
    <subfield code="d">2024-04-05</subfield>
    <subfield code="l">0</subfield>
    <subfield code="p">G-166</subfield>
    <subfield code="r">2024-04-05 15:11:06</subfield>
    <subfield code="w">2024-04-05</subfield>
    <subfield code="y">BK</subfield>
  </datafield>
  <datafield tag="999" ind1=" " ind2=" ">
    <subfield code="c">9998</subfield>
    <subfield code="d">9998</subfield>
  </datafield>
</record>
